<?xml version="1.0" encoding="UTF-8"?><?xml-stylesheet type="text/xsl" href="static/style.xsl"?><OAI-PMH xmlns="http://www.openarchives.org/OAI/2.0/" xmlns:xsi="http://www.w3.org/2001/XMLSchema-instance" xsi:schemaLocation="http://www.openarchives.org/OAI/2.0/ http://www.openarchives.org/OAI/2.0/OAI-PMH.xsd"><responseDate>2026-04-17T04:19:38Z</responseDate><request verb="GetRecord" identifier="oai:www.recercat.cat:2099.1/17283" metadataPrefix="marc">https://recercat.cat/oai/request</request><GetRecord><record><header><identifier>oai:recercat.cat:2099.1/17283</identifier><datestamp>2025-07-22T17:45:11Z</datestamp><setSpec>com_2072_1033</setSpec><setSpec>col_2072_452951</setSpec></header><metadata><record xmlns="http://www.loc.gov/MARC21/slim" xmlns:dcterms="http://purl.org/dc/terms/" xmlns:xsi="http://www.w3.org/2001/XMLSchema-instance" xmlns:doc="http://www.lyncode.com/xoai" xsi:schemaLocation="http://www.loc.gov/MARC21/slim http://www.loc.gov/standards/marcxml/schema/MARC21slim.xsd">
   <leader>00925njm 22002777a 4500</leader>
   <datafield ind2=" " ind1=" " tag="042">
      <subfield code="a">dc</subfield>
   </datafield>
   <datafield ind2=" " ind1=" " tag="720">
      <subfield code="a">García Guauque, Ivan Alexander</subfield>
      <subfield code="e">author</subfield>
   </datafield>
   <datafield ind2=" " ind1=" " tag="260">
      <subfield code="c">2012-12-20</subfield>
   </datafield>
   <datafield ind2=" " ind1=" " tag="520">
      <subfield code="a">[ANGLÈS] This document presents the results obtained by UPC-DIT-GEOLAB on the hydromechanical&#xd;
behaviour of two different artificially prepared sand/bentonite mixtures used&#xd;
as Engineered Barrier Systems in two different Projects. One of them is a&#xd;
Sand/Bentonite mixture (80%/20%, mixed by mass), proposed as filling material in the&#xd;
Project GMT in situ test (Gas Migration Test in the Grimsel Test Site, Switzerland), for&#xd;
the study of the water and air migration through the backfill system. This information is&#xd;
a key issue to interpret the planned gas injection phase of the in situ experiment. In&#xd;
addition, the tests will be used to derive parameters related to air flow, which enter into&#xd;
the intended modelling work of the GMT Project.&#xd;
The other one is a FoCa Clay/Sand/Graphite mixture (60%/35%/5%, mixed by mass),&#xd;
proposed as filling material in the Project PRACLAY and specifically used in the&#xd;
“Ophelie” mock-up test, recently dismantled, in which THM characterization was&#xd;
obtained. This information will be compared with the results obtained in the present&#xd;
laboratory work. To enhance the understanding of the coupled hydro-mechanical&#xd;
response of these mixtures, an experimental programme, compatible with a minimum&#xd;
amount of testing and a reliable determination of material parameters, was performed&#xd;
within a time schedule of 16 months. The tests were used to derive parameters related to&#xd;
shear strength and compressibility for load changes at different saturation states.</subfield>
   </datafield>
   <datafield ind2=" " ind1=" " tag="520">
      <subfield code="a">[CASTELLÀ] El siguiente trabajo de investigación presenta los resultados obtenidos por el&#xd;
UPC_DIT_GEOLAB, para el estudio del comportamiento hidromecánico de dos tipos de&#xd;
mezclas de suelos compactados, propuestos como material de relleno en un sistema de&#xd;
almacenamiento profundo de residuos nucleares (Engineered Barrier System). En primer&#xd;
lugar, se estudian aspectos del comportamiento volumétrico y migración de gas en una mezcla&#xd;
de arena/bentonita, propuesta como material de relleno en el proyecto europeo GTS (Grimsel&#xd;
Test Site) y que particularmente, es utilizada en el ensayo a escala real GMT (Gas Migration&#xd;
Test), para el estudio de los procesos de migración de agua y gas en el sistema de&#xd;
almacenamiento.&#xd;
En segundo término, se caracterizó el comportamiento hidromecánico de una mezcla de&#xd;
arcilla FoCa/arena/grafito, propuesta como material de relleno en el proyecto europeo para el&#xd;
almacenamiento de residuos nucleares (PRACLAY) en Bélgica. El material se utilizó en un&#xd;
ensayo a escala real (Ophelie), recientemente desmantelado en el cual se obtuvo información&#xd;
del comportamiento THM. Estos resultados serán comparados con los obtenidos en el&#xd;
programa de laboratorio presentado en este trabajo.</subfield>
   </datafield>
   <datafield tag="653" ind2=" " ind1=" ">
      <subfield code="a">Àrees temàtiques de la UPC::Enginyeria civil::Geotècnia::Mecànica de sòls</subfield>
   </datafield>
   <datafield tag="653" ind2=" " ind1=" ">
      <subfield code="a">Radioactive waste sites</subfield>
   </datafield>
   <datafield tag="653" ind2=" " ind1=" ">
      <subfield code="a">Soil mechanics</subfield>
   </datafield>
   <datafield tag="653" ind2=" " ind1=" ">
      <subfield code="a">Clay--Testing</subfield>
   </datafield>
   <datafield tag="653" ind2=" " ind1=" ">
      <subfield code="a">Abocadors de residus radioactius</subfield>
   </datafield>
   <datafield tag="653" ind2=" " ind1=" ">
      <subfield code="a">Mecànica dels sòls</subfield>
   </datafield>
   <datafield tag="653" ind2=" " ind1=" ">
      <subfield code="a">Argila--Proves</subfield>
   </datafield>
   <datafield ind2="0" ind1="0" tag="245">
      <subfield code="a">Estudio del comportamiento hidráulico y mecánico de mezclas granulares con bentonita para barreras de ingeniería</subfield>
   </datafield>
</record></metadata></record></GetRecord></OAI-PMH>